000
00371nam a2200145Ia 4500
041
_a
Arabic
082
_a
635.9 cut-929 ب
100
_a
20260118u\\\\\\\\\\\y0engy0103\\\\ba
100
_a
طاهر نجم رسول بيتوشي
245
0
_a
نباتات الظل
250
_a
ط1
260
_b
مطبعة شهاب
_a
اربيل
_c
2012
300
_a
231
942
_c
Bk
999
_c
190195
_d
190195